| 000 | 02244cam a22004334i 4500 | ||
|---|---|---|---|
| 003 | PE-LiUPU | ||
| 005 | 20250731184056.0 | ||
| 008 | 180903s2012 pe r 000 0aspa | ||
| 020 | _a9789972604171 | ||
| 020 | _a9972604179 | ||
| 035 | _a(Sirsi) i9789972604171 | ||
| 035 | _a(Sirsi) a51519 | ||
| 040 |
_aPE-LiUPU _bspa _cPE-LiUPU _erda |
||
| 082 | 0 | 4 |
_a868 _bZ47 _220 |
| 100 | 1 |
_aZavaleta, Carlos Eduardo, _eautor. |
|
| 245 | 1 | 3 |
_aEl gozo de las letras III / _cCarlos Eduardo Zavaleta. |
| 250 | _aPrimera edición. | ||
| 264 | 1 |
_aÑaña : _bCentro de Aplicacones Editorial Imprenta Unión de la Universidad Peruana Uniónl, _c2012. |
|
| 300 |
_a191 páginas; _c21 centímetros |
||
| 336 |
_atext _btxt _2rdacontent |
||
| 337 |
_aunmediated _bn _2rdamedia |
||
| 338 |
_avolume _bnc _2rdacarrier |
||
| 505 | 0 | 0 | _aVargas Llosa de nuevo en su país -- Raíces peruana de Vargas Llosa -- Una mano crítica y decisiva -- Raúl Parras escritor -- Queridos amigos de Eleodoro Vargas vicuña -- Estuardo Núñez, Erudito infatigable -- "Bombardero", novela de fragmento y abreviaturas, de música del jazz y del laberinto controlado -- Un libro "escondido" impresionante de Hemingway. |
| 526 | _aP145 | ||
| 526 | _aP127 | ||
| 526 | _aP97 | ||
| 526 | _aP14 | ||
| 526 | _aP07 | ||
| 650 | 1 | 4 |
_aLiteratos _zPerú _vSiglo XX _xCrítica, interpretación. |
| 910 |
_adbm _bjpc _cjpc _d20180903 |
||
| 942 |
_2ddc _cBOOK |
||
| 994 |
_aC0 _bPEPRU |
||
| 596 | _a1 | ||
| 999 |
_a868 Z47 2012 _wDEWEY _c19806 _i79058 _f2021-11-9 _g4 _lCCODEBUL1 _mBUL _p15.00 _r0 _sY _tBOOK _u2018-2-19 _xEDUCACION _PP35 _0COMPRA _o.STAFF. Colección Teología _d19806 |
||
| 999 |
_a868 Z47 2012 _wDEWEY _c2 _i79059 _f2021-11-9 _g4 _lCCODEBUL1 _mBUL _p15.00 _r0 _sY _tBOOK _u2018-9-3 _xEDUCACION _PP35 _0COMPRA _o.STAFF. Colección Teología |
||
| 999 |
_a868 Z47 2012 _wDEWEY _c3 _i79060 _f2021-11-9 _g4 _lCCODEBUL1 _mBUL _p15.00 _r0 _sY _tBOOK _u2018-9-3 _xEDUCACION _PP35 _0COMPRA _o.STAFF. Colección Teología |
||
| 999 |
_a868 Z47 2012 _wDEWEY _c4 _iCW01157 _f2022-5-31 _g1 _lCCODECWL1 _mBUL _r0 _sY _tBOOK _u2022-5-31 _xWHITE _zALL |
||
| 980 |
_81 _gALBERTO SANCHEZ Responsable de Automatización |
||